000 00411nam a22001697a 4500
005 20160627092400.0
008 160627b xxu||||| |||| 00| 0 eng d
020 _a0-19-56617-5-3
041 _aeng
082 _b10326
100 _aChakrabary, Bityut and Bhattacharya, Mohit
_92835
245 _aPublic Administration
260 _bOxford
_c2003
300 _a417
650 _aManagement
_9241
942 _cBK
999 _c4099
_d4098